00295 a2200133 450000100060000002000160000604000260002210000270004824000260007524500210010130000070012236200090012965000230013849304 a857675119-4 cAnchieta - Bela Vista aEifflê, Marcus Paulo10aAgarra, goleiro!lpor10aAgarra, goleiro! a590 a2006 4aLiteratura juvenil